Improving bank's attitude towards financing the small and medium enterprises (SMEs) : a case for Malaysia /
Saved in:
| Main Author: | |
|---|---|
| Format: | Thesis Book |
| Language: | English |
| Published: |
2011.
|
| Subjects: | |
| Online Access: | http://studentsrepo.um.edu.my/id/eprint/1608 |
| Tags: |
Add Tag
No Tags, Be the first to tag this record!
|
| LEADER | 01606cam a2200349 a 4500 | ||
|---|---|---|---|
| 001 | u842771 | ||
| 003 | SIRSI | ||
| 005 | 201110311246 | ||
| 008 | 111031s2011 my a t 000 0 eng m | ||
| 040 | |a UMM |d UMK |d AUM |e rda | ||
| 043 | |a a-my--- | ||
| 090 | |a HF1008 |b UM 2011 Susmn | ||
| 098 | |a HF1088 |b UM 2011 Susmn | ||
| 100 | 0 | |a Susana Mohd Nasir. | |
| 245 | 1 | 0 | |a Improving bank's attitude towards financing the small and medium enterprises (SMEs) : |b a case for Malaysia / |c Susana Mohd Nasir. |
| 260 | |c 2011. | ||
| 300 | |a [1] xiv, 109 [12] leaves : |b ill. ; |c 30 cm. | ||
| 502 | |a Dissertation (M.B.A.) -- Fakulti Perniagaan dan Perakaunan, Universiti Malaya, 2011. | ||
| 504 | |a Bibliography: leaves 78-81. | ||
| 530 | |a Also issued in CD. | ||
| 650 | 0 | |a Commercial loans |x Government policy |z Malaysia. | |
| 650 | 0 | |a Bank loans |x Government policy |z Malaysia. | |
| 650 | 0 | |a Small business |z Malaysia |x Finance. | |
| 650 | 0 | |a Banks and banking |x Government policy |z Malaysia. | |
| 650 | 0 | |a Financial institutions |x Government policy |z Malaysia. | |
| 710 | 2 | |a Universiti Malaya. |b Fakulti Perniagaan dan Perakaunan. | |
| 856 | 4 | 1 | |u http://studentsrepo.um.edu.my/id/eprint/1608 |
| 900 | |a NHS-ZA | ||
| 596 | |a 1 19 25 | ||
| 999 | |a HF1008 UM 2011 SUSMN |w LC |c 1 |i A514956925 |d 23/11/2015 |e 23/11/2015 |f 14/5/2012 |g 1 |l STACKS |m P01UTAMA |n 2 |r Y |s Y |t TESIS |u 14/5/2012 |1 AHSS | ||
| 999 | |a HF1008 UM 2011 SUSMN |w LC |c 1 |i A514956894 |d 10/7/2012 |f 10/7/2012 |g 1 |l STACKS |m P19KOTA |r Y |s Y |t TESIS |u 5/7/2012 | ||
| 999 | |a HF1008 UM 2011 SUSMN |w LC |c 1 |i A517697301 |f 7/7/2023 |g 1 |l STACKS |m P25UMARCHI |r N |s Y |t CD |u 7/7/2023 |1 AHSS |o .STAFF. MST-CD2983 | ||
